Maternity & Women's Health Care/ (Record no. 1662)
[ view plain ]
| 000 -LEADER | |
|---|---|
| Fixed length control field | 00586nam a2200217Ia 4500 |
| 003 - CONTROL NUMBER IDENTIFIER | |
| Control field | IIN |
| 005 - DATE AND TIME OF LATEST TRANSACTION | |
| Control field | 20240618121920.0 |
| 008 - FIXED-LENGTH DATA ELEMENTS--GENERAL INFORMATION | |
| Fixed length control field | 240618b |||||||| |||| 00| 0 eng d |
| 020 ## - INTERNATIONAL STANDARD BOOK NUMBER / ISBN | |
| International Standard Book Number | 9780323020084 |
| Price | 5995.00 |
| 040 ## - CATALOGING SOURCE | |
| Original cataloging agency | IIN |
| Language of cataloging | Eng |
| 082 ## - DEWEY DECIMAL CLASSIFICATION NUMBER | |
| Classification number | 618.10231 |
| Book Number | LOW |
| 100 1# - MAIN ENTRY--PERSONAL NAME | |
| Personal name | Lowdermilk, Deitra Leonard |
| 245 1# - TITLE STATEMENT | |
| Title | Maternity & Women's Health Care/ |
| Statement of responsibility | Deitra Leonard Lowdermilk |
| 250 ## - EDITION STATEMENT | |
| Edition statement | 8th ed |
| 260 ## - IMPRINT | |
| Place of publication | Missouri |
| Name of publisher | Mosby |
| Date of publication | 2004 |
| 300 ## - PHYSICAL DESCRIPTION | |
| Page / Vol. No | xxiv,1219p. |
| 650 1# - SUBJECT ADDED ENTRY--TOPICAL TERM | |
| Topical term | Obstetrics |
| 650 1# - SUBJECT ADDED ENTRY--TOPICAL TERM | |
| Topical term | Maternity & Women's |
| Form subdivision | Health Care |
| 700 1# - ADDED ENTRY--PERSONAL NAME | |
| Personal name | Perry, Shannon E |
| 942 ## - ADDED ENTRY ELEMENTS (KOHA) | |
| Koha item type | Books |
| Withdrawn status | Lost status | Source of classification | Damaged status | Not for loan | Collection code | Home library | Current library | Date acquired | Price | Total Checkouts | Call number | Accession number | Date last seen | Price effective from | Koha item type |
|---|---|---|---|---|---|---|---|---|---|---|---|---|---|---|---|
| Dewey Decimal Classification | Purches Book | IDEAL INSTITUTE OF NURSING | IDEAL INSTITUTE OF NURSING | 04/04/2024 | 5995.00 | 618.10231 LOW | 1673 | 18/06/2024 | 18/06/2024 | Books | |||||
| Dewey Decimal Classification | Purches Book | IDEAL INSTITUTE OF NURSING | IDEAL INSTITUTE OF NURSING | 04/04/2024 | 5995.00 | 618.10231 LOW | 1674 | 18/06/2024 | 18/06/2024 | Books | |||||
| Dewey Decimal Classification | Purches Book | IDEAL INSTITUTE OF NURSING | IDEAL INSTITUTE OF NURSING | 04/04/2024 | 5995.00 | 618.10231 LOW | 1675 | 18/06/2024 | 18/06/2024 | Books | |||||
| Dewey Decimal Classification | Purches Book | IDEAL INSTITUTE OF NURSING | IDEAL INSTITUTE OF NURSING | 04/04/2024 | 5995.00 | 618.10231 LOW | 1676 | 18/06/2024 | 18/06/2024 | Books | |||||
| Dewey Decimal Classification | Purches Book | IDEAL INSTITUTE OF NURSING | IDEAL INSTITUTE OF NURSING | 04/04/2024 | 5995.00 | 618.10231 LOW | 1677 | 18/06/2024 | 18/06/2024 | Books |
